Statistics for Minecraft Franchise

Click here to take the quiz!

General Stats

  • This quiz has been taken 36 times
  • The average score is 5 of 7

Answer Stats

TypeYearNameInfo% Correct
Video Game2011MinecraftMojang / Microsoft Studios / Sony
100%
Non-Fiction Book2013Minecraft: The Unlikely Tale of Markus "Notch" Persson and the Game That Changed EverythingDaniel Goldberg / Linus Larsson
100%
Convention2011-PresentMINECONMojang
72%
Video Game2020Minecraft DungeonsXbox Game Studios
72%
Video Game2015-2017Minecraft: Story ModeTelltale Games
72%
Video Game2019Minecraft EarthXbox Game Studios
45%
Documentary2012Minecraft: The Story of Mojang2 Player Productions
7%

Score Distribution

Percentile by Number Answered

Percent of People with Each Score

Your Score History

You have not taken this quiz